000 00840nam a2200217Ia 4500
001 10205
003 GE_BSU
008 181216s||||||||xx |||||||||||||| ||und||
040 _cGE_BSU
080 _a821.353.1–144+821.355.1-11
100 _aსულაბერიძე,ლადო
245 _aმზე მავთულხლართებში:ბალადები და პოემები
245 _cრედ.შ.ნიშნიანიძე.მხატვ.სპ.ცინცაძე
260 _aთბილისი
260 _bმერანი
260 _c1969
300 _a126გვ.პორტრ.გარეკანზე.16სმ.
653 _aბალადები და პოემები
653 _aმზე მავთულხლართებში
942 _cBK
999 _c43474
_d43474